|
|
|
|
| LEADER |
01460nam a2200421 a 4500 |
| 001 |
nkc20102132825 |
| 003 |
CZ PrNK |
| 005 |
20110105061522.0 |
| 007 |
ta |
| 008 |
101020s2010 xr a e f 001 0 cze |
| 015 |
|
|
|a cnb002132825
|
| 020 |
|
|
|a 978-80-247-3209-1
|q (váz.)
|
| 035 |
|
|
|a (OCoLC)697266557
|
| 040 |
|
|
|a OLA001
|b cze
|
| 072 |
|
7 |
|a 004.4/.6
|x Programování. Software
|2 Konspekt
|9 23
|
| 080 |
|
|
|a 004.451.9Windows
|2 MRF
|
| 080 |
|
|
|a 004.451
|2 MRF
|
| 080 |
|
|
|a (035)
|2 MRF
|
| 100 |
1 |
|
|a Cafourek, Bohdan,
|d 1965-
|7 mzk2003196150
|4 aut
|
| 245 |
1 |
0 |
|a Windows 7 :
|b kompletní příručka /
|c Bohdan Cafourek
|
| 250 |
|
|
|a 1. vyd.
|
| 260 |
|
|
|a Praha :
|b Grada,
|c 2010
|
| 300 |
|
|
|a 326 s. :
|b il. ;
|c 24 cm
|
| 490 |
1 |
|
|a Profesional
|
| 500 |
|
|
|a Obsahuje rejstřík
|
| 650 |
0 |
7 |
|a Microsoft Windows 7 (operační systém)
|7 ph552078
|2 czenas
|
| 650 |
0 |
7 |
|a operační systémy
|7 ph115593
|2 czenas
|
| 650 |
0 |
9 |
|a Microsoft Windows 7
|2 eczenas
|
| 650 |
0 |
9 |
|a operating systems
|2 eczenas
|
| 655 |
|
7 |
|a příručky
|7 fd133209
|2 czenas
|
| 655 |
|
9 |
|a handbooks and manuals
|2 eczenas
|
| 830 |
|
0 |
|a Profesionál
|0 s
|
| 856 |
4 |
1 |
|u http://www.digitalniknihovna.cz/mzk/uuid/uuid:61036a10-fcea-11e7-b1a1-005056827e52
|y Digitalizovaný dokument
|x NDK
|
| 910 |
2 |
|
|a BOA001
|b 2-1253.775
|
| 990 |
|
|
|a BK
|
| 995 |
|
|
|a 01
|
| 991 |
|
|
|b 201101
|c NOV
|j 004.4 CAF
|e n
|
| 996 |
6 |
|
|b 2610456027
|c 2-1253.775
|l MZK
|r Sklad / do 1 hodiny
|n 0
|p p.v.
|w 001160600
|u 000010
|a 1
|e BOA001
|j MZK50
|s P
|